El Pensamiento administrativo no jurídico : vicisitudes y renacimiento / Georges Langrod vicisitudes y renacimiento / Georges Langrod
Publicado:
[Madrid] :
Publicaciones del Centro de Formación y Perfeccionamiento de Funcionarios, DL 1964
Descripción Física:
51 p. ; 21 cm
Colección:
Conferencias y documentos ; 5
Materias:
Administració pública
MARC
| LEADER | 00000nam a2200000Ia 4500 | ||
|---|---|---|---|
| 001 | 13855 | ||
| 008 | 160829s9999 xx 000 0 cat d | ||
| 080 | |a M-4-58 | ||
| 100 | |a Langrod, Georges |9 32222 | ||
| 245 | |a El Pensamiento administrativo no jurídico : |b vicisitudes y renacimiento / Georges Langrod | ||
| 260 | |a [Madrid] : |b Publicaciones del Centro de Formación y Perfeccionamiento de Funcionarios, DL 1964 | ||
| 300 | |a 51 p. ; |c 21 cm | ||
| 490 | |a Conferencias y documentos ; 5 | ||
| 650 | 0 | |a Administració pública |9 23819 | |
| 710 | 2 | |a Centro de Formación y Perfeccionamiento de Funcionarios (Alcalá de Henares, Madrid) |9 54841 | |
| 901 | |a Arxiu | ||
| 942 | |n 1 | ||
| 952 | |0 0 |1 0 |4 0 |6 M458 |7 1 |9 46790 |a Arxiu |b Arxiu |d 2016-12-01 |l 0 |o M-4-58 |p 13855 |r 2016-12-01 00:00:00 |w 2016-12-01 |y ARXIU | ||
| 999 | |c 50583 |d 50583 | ||